| 000 | 00815nam a22002297a 4500 | ||
|---|---|---|---|
| 001 | 5449 | ||
| 003 | FISKH | ||
| 005 | 20241206154249.0 | ||
| 008 | 241206b cb ||||| |||| 00| 0 eng d | ||
| 020 | _a9787552547443 | ||
| 040 |
_aFISKH _bChi _cFISKH _dFISKH |
||
| 050 | _aPZ7 | ||
| 082 | _a380 | ||
| 100 | _aAnonymous | ||
| 245 | _aSmiling makes me happy / | ||
| 260 |
_bYang Guang Chuban She, _c2019 |
||
| 300 |
_a31 pages : _bcolor illustrations ; _c23 cm |
||
| 520 | _aDiandian is a cheerful person. She always smile when she go everywhere. She makes people around her feel good by looking at her face. One day, a friend in her class got upset about how he look. Diandian cheer him up and admire him to make him feel better and happy. | ||
| 650 |
_aSmile _vHappy |
||
| 942 |
_2ddc _cBOOK _n0 |
||
| 999 |
_c5449 _d5449 |
||